Top 15 Strongest Passports - Statistics

General Stats
  • This quiz has been taken 52 times
  • The average score is 42 of 56
Answer Stats
# Country % Correct
2 Spain
98%
3 Sweden
98%
8 United Kingdom
98%
9 United States
98%
7 Canada
95%
3 France
95%
3 Germany
95%
3 Portugal
95%
3 Finland
93%
3 Norway
93%
3 Switzerland
93%
3 Italy
90%
6 Australia
88%
3 Austria
88%
3 Denmark
88%
3 Japan
88%
5 New Zealand
88%
2 Singapore
88%
11 Andorra
83%
3 Ireland
83%
10 Brazil
81%
3 Netherlands
81%
4 Poland
81%
11 San Marino
81%
3 South Korea
81%
3 Belgium
79%
4 Croatia
79%
4 Estonia
79%
3 Greece
79%
6 Liechtenstein
79%
3 Luxembourg
79%
5 Czech Republic
76%
9 Monaco
76%
5 Romania
76%
10 Argentina
74%
5 Bulgaria
74%
8 Iceland
74%
4 Latvia
74%
4 Slovenia
74%
4 Hungary
71%
5 Lithuania
69%
4 Malta
69%
4 Slovakia
69%
14 Mexico
67%
8 Chile
64%
15 Peru
55%
1 United Arab Emirates
55%
13 Israel
52%
6 Cyprus
48%
3 Malaysia
48%
13 Uruguay
40%
13 Brunei
36%
12 Bahamas
31%
15 Saint Kitts and Nevis
29%
11 Barbados
26%
15 Seychelles
17%
No matching quizzes found
Score Distribution
Percent of People with Each Score
Percentile by Number Answered
Your Score History
You have not taken this quiz